La protesi di ginocchio di primo impianto

Λεπτομέρειες βιβλιογραφικής εγγραφής
Κύριοι συγγραφείς: Nicola, U. De (Συγγραφέας), Pace, N. (Συγγραφέας)
Συγγραφή απο Οργανισμό/Αρχή: SpringerLink (Online service)
Μορφή: Ηλεκτρονική πηγή Ηλ. βιβλίο
Γλώσσα:Italian
Έκδοση: Milano : Springer Milan, 2005.
Θέματα:
Διαθέσιμο Online:Full Text via HEAL-Link
LEADER 02724nam a22004935i 4500
001 978-88-470-0379-8
003 DE-He213
005 20151204172625.0
007 cr nn 008mamaa
008 100301s2005 it | s |||| 0|ita d
020 |a 9788847003798  |9 978-88-470-0379-8 
024 7 |a 10.1007/88-470-0379-2  |2 doi 
040 |d GrThAP 
050 4 |a RD701-811 
072 7 |a MNS  |2 bicssc 
072 7 |a MED065000  |2 bisacsh 
082 0 4 |a 616.7  |2 23 
100 1 |a Nicola, U. De.  |e author. 
245 1 0 |a La protesi di ginocchio di primo impianto  |h [electronic resource] /  |c by U. De Nicola, N. Pace. 
264 1 |a Milano :  |b Springer Milan,  |c 2005. 
300 |a IX, 362 pagg.  |b online resource. 
336 |a text  |b txt  |2 rdacontent 
337 |a computer  |b c  |2 rdamedia 
338 |a online resource  |b cr  |2 rdacarrier 
347 |a text file  |b PDF  |2 rda 
505 0 |a L’artroprotesi totale di ginocchio: indicazioni e alternative -- Valutazione e preparazione del paziente -- Biomeccanica ed evoluzione del disegno protesico -- I materiali -- Le vie di accesso nelle artroprotesi di ginocchio di primo impianto -- Allineamento e bilanciamento legamentoso -- La chirurgia mini-invasiva nelle protesi totali di ginocchio -- Sostituzione protesica totale del ginocchio mediante tecnica mini-invasiva “mini-midvastus”. L’esperienza americana -- L’artroprotesi di ginocchio con tecnica computer-assistita -- La chirurgia computer-assistita: il bilancio legamentoso -- La protesi a piatto mobile: indicazioni e risultati a lungo termine -- Piatto mobile versus piatto fisso. Esame comparativo -- La protesi a stabilizzazione posteriore -- La protesi totale di ginocchio con conservazione del legamento crociato posteriore -- Protesi di ginocchio a stabilizzazione posteriore e a conservazione del legamento crociato posteriore. Esame comparativo -- Quando usare il cemento -- Quando non usare il cemento -- Se e quando protesizzare la rotula -- Le protesi monocompartimentali -- Le artroprotesi modulari nella chirurgia oncologica -- La protesi vincolata -- Le infezioni. 
650 0 |a Medicine. 
650 0 |a Infectious diseases. 
650 0 |a Rheumatology. 
650 0 |a Orthopedics. 
650 0 |a Surgical oncology. 
650 1 4 |a Medicine & Public Health. 
650 2 4 |a Orthopedics. 
650 2 4 |a Infectious Diseases. 
650 2 4 |a Surgical Oncology. 
650 2 4 |a Surgical Orthopedics. 
650 2 4 |a Rheumatology. 
700 1 |a Pace, N.  |e author. 
710 2 |a SpringerLink (Online service) 
773 0 |t Springer eBooks 
776 0 8 |i Printed edition:  |z 9788847003156 
856 4 0 |u http://dx.doi.org/10.1007/88-470-0379-2  |z Full Text via HEAL-Link 
912 |a ZDB-2-SME 
950 |a Medicine (Springer-11650)